Music Quiz

Random Music or Billboard Quiz

Charting the Course of Music Quiz Stats

 Plays Quiz Updated Aug 12, 2018

Score 0/8 Timer 06:00
1 Play Today
% Correct
1941
79.8%
2017
76%
1977
66.1%
1952
65.5%
2005
62.8%
1986
54.9%
1995
51.5%
1966
45.6%

You're not logged in!

Compare scores with friends on all Sporcle quizzes.
OR
Log In

Sporcle TV

Today on Sporcle TV


Watch our educational content, quiz creation guides, and fun videos on Sporcle TV.

Show Comments

Extras

Top Quizzes Today


Score Distribution

Your Account Isn't Verified!

In order to create a playlist on Sporcle, you need to verify the email address you used during registration. Go to your Sporcle Settings to finish the process.

Report this User

Report this user for behavior that violates our Community Guidelines.

Details: